Freedom Fighters of the Indian Independence Movement - Statistics

General Stats
  • This quiz has been taken 96 times
  • The average score is 8 of 13
Answer Stats
Picture Answer % Correct
Mohandas Karamchand Gandhi
96%
Jawaharlal Nehru
81%
Bhagat Singh
78%
Subhash Chandra Bose
75%
Rabindranath Tagore
73%
Sardar Vallabhbhai Patel
73%
Sarojini Naidu
69%
Bal Gangadhar Tilak
58%
Lal Bahadur Shastri
53%
Rani Lakshmibai
48%
Lala Lajpat Rai
35%
Bankim Chandra Chatterjee
19%
Aurobindo Ghose
18%
No matching quizzes found
Score Distribution
Percent of People with Each Score
Percentile by Number Answered
Your Score History
You have not taken this quiz